Представление документа в формате MARC21

Поле Инд. ПП Название Значение
Тип записи a
Библиографический уровень b
001 Контрольный номер RU/IS/BASE/335380380
005 Дата корректировки 20200610181733.6
008 Кодируемые данные 20100817
040 b Код языка каталог. rus
e Правила каталог. PSBO
041 0_ a Код языка текста rus
084 a Индекс другой классификации/Индекс ББК 67.410.212в; 67.522.0
100 1_ a Автор Яблоков Н. П.
100 1_ a Автор Маевский С. С.
245 10 a Заглавие Общетактические основы взаимодействия следователей с защитниками при проведении следственных действий в разных ситуациях
504 a Библиография Подстроч. примеч. - Лит.: 5 назв.
650 a Основная рубрика криминалистика
a Основная рубрика право
a Основная рубрика процессуальное право
a Основная рубрика уголовное процессуальное право
653 a Ключевые слова адвокаты
a Ключевые слова защитники
a Ключевые слова криминалистическая рефлексия
a Ключевые слова криминалистическая тактика
a Ключевые слова метод рефлексии
a Ключевые слова расследование преступлений
a Ключевые слова следственная деятельность
a Ключевые слова следственные действия
a Ключевые слова эффективность расследования
773 08 t Заглавие источника Вестник Московского университета. Серия 11, Право
d Дата издания источника 2010
g Прочая информация № 2. - С. 34 - 52
w Контрольный № источника RU/IS/BASE/328719420
901 t Тип документа b